Представление документа в формате MARC21

ПолеНазваниеЗначение
  Тип записи a
  Библиографический уровень m
001 Контрольный номер RU\infra-m\znanium\bibl\2226783
005 Дата корректировки 20260429142111.0
008 Кодируемые данные 250919s2025 RU g rus u
020 Индекс ISBN __
a ISBN 978-5-9729-2446-2
040 Источник каталогиз. __
a Служба первич. каталог. Общество с ограниченной ответственностью «ЗНАНИУМ»
041 Код языка издания __
a Код языка текста rus
044 Код страны публикации __
a Код страны публикации RU
080 Индекс УДК __
a Индекс УДК 519
084 Индекс другой классификации/Индекс ББК __
2 Источник индекса rubbk
a Индекс другой классификации/Индекс ББК 223
084 Индекс другой классификации/Индекс ББК __
2 Источник индекса okso
a Индекс другой классификации/Индекс ББК 00.02.23
100 Автор __
a Автор Черняк А.А.
q Полное имя Черняк Аркадий Александрович
u Дополнение Белорусский государственный педагогический университет им. М. Танка
245 Заглавие __
a Заглавие Справочник по физике
b Продолж. заглавия Справочная литература
c Ответственность Белорусский государственный педагогический университет им. М. Танка; Белорусский государственный педагогический университет им. М. Танка
250 Сведения об издании __
a Основные сведения об издании 1
260 Выходные данные __
a Место издания Вологда
b Издательство Инфра-Инженерия
c Дата издания 2025
300 Физическое описание __
a Объем 208 с.
520 Аннотация __
a Аннотация Каждый блок информации сопровождается демонстрационными примерами иллюстрациями пояснениями. Учитываются потребности читателей с различными потенциальными возможностями и уровнями подготовки. Для учащихся средних специальных учебных заведений а также абитуриентов учеников физико-математических классов слушателей подготовительных отделений и курсов учителей и репетиторов.
521 Примеч. о цел. назн. __
a Примеч. о целев. назн. Среднее профессиональное образование
650 Тематические рубрики __
a Основная рубрика Физико-математические науки
x Основная подрубрика Физика
655 Указ. предметных рубрик (устаревшее) __
a Жанр/ форма (устаревшее) Справочная литература
700 Другие авторы __
a Другие авторы Черняк Ж.А.
q Полное имя Черняк Жанна Альбертовна
u Дополнение Белорусский государственный университет информатики и радиоэлектроники
856 Электронный адрес документа 4_
a Имя сервера/домена znanium.ru
m Помощь ebs_support@infra-m.ru
n Местонахождение сервера НИЦ ИНФРА-М
u URL https://znanium.ru/catalog/document?id=470125
856 Электронный адрес документа 48
a Имя сервера/домена znanium.ru
d Путь /cover/2226
f Электронное имя 2226783.jpg
q Тип электронного формата image/jpeg
u URL https://znanium.ru/cover/2226/2226783.jpg
911 __
u 0030=https://znanium.ru/catalog/document?id=470125
911 __
u 712a=Белорусский государственный педагогический университет им. М. Танка